| 000 | 00557nam a2200169 a 4500 | ||
|---|---|---|---|
| 001 | 000041820 | ||
| 005 | 20201002035755.0 | ||
| 008 | 131018s1978 ru a r 000 0 spa d | ||
| 040 |
_aDO-SdBNP _bspa _cBNPHU |
||
| 082 |
_axxxx _bxxxx |
||
| 245 | 0 | 0 |
_aLenin : / _cacerca de la unidad del movimiento comunista internacional. |
| 260 |
_aMoscú : _bProgreso, _c1978. |
||
| 300 |
_a386 p. : _bil. ; _c21 cm. |
||
| 500 | _aIncluye índice de nombres | ||
| 504 | _aIncluye referencias bibliográficas y notas al pie de las páginas | ||
| 590 | _aInventariado, 2019/BT | ||
| 999 |
_c41309 _d41309 |
||